Népszavazási kampány-dinamika a nyomtatott és az online sajtóban

Elmentve itt :
Bibliográfiai részletek
Szerző: Jelenfi Gábor
Testületi szerző: Tudásjavak áramlása a közép-kelet-európai régióban a rendszerváltást követően (2008) (Veszprém)
Dokumentumtípus: Könyv része
Megjelent: 2009
Sorozat:Tudásjavak áramlása a közép-kelet-európai régióban a rendszerváltást követően : a Magyar Szociológiai Társaság éves konferenciája
Kulcsszavak:Népszavazás - Magyarország - előadáskivonat, Sajtó - magyar - előadáskivonat
Tárgyszavak:
Online Access:http://acta.bibl.u-szeged.hu/68406
LEADER 00985naa a2200205 i 4500
001 acta68406
005 20260224081030.0
008 200806s2009 hu o 100 hun d
020 |a 978-963-9573-55-0 
040 |a SZTE Egyetemi Kiadványok Repozitórium  |b hun 
041 |a hun 
100 1 |a Jelenfi Gábor 
245 1 0 |a Népszavazási kampány-dinamika a nyomtatott és az online sajtóban  |h [elektronikus dokumentum] /  |c  Jelenfi Gábor 
260 |c 2009 
300 |a 151 
490 0 |a Tudásjavak áramlása a közép-kelet-európai régióban a rendszerváltást követően : a Magyar Szociológiai Társaság éves konferenciája 
650 4 |a Társadalomtudományok 
695 |a Népszavazás - Magyarország - előadáskivonat, Sajtó - magyar - előadáskivonat 
710 |a Tudásjavak áramlása a közép-kelet-európai régióban a rendszerváltást követően (2008) (Veszprém) 
856 4 0 |u http://acta.bibl.u-szeged.hu/68406/1/2009_tudasjavak_aramlasa_151.pdf  |z Dokumentum-elérés